Finite element analysis applications : a systematic and practical approach (Record no. 85727)

MARC details
000 -LEADER
fixed length control field 00690 a2200229 4500
003 - CONTROL NUMBER IDENTIFIER
control field CBULib
005 - DATE AND TIME OF LATEST TRANSACTION
control field 20250722094023.0
008 - FIXED-LENGTH DATA ELEMENTS--GENERAL INFORMATION
fixed length control field 241101b |||||||| |||| 00| 0 eng d
020 ## - INTERNATIONAL STANDARD BOOK NUMBER
International Standard Book Number 9780128099520
040 ## - CATALOGING SOURCE
Language of cataloging English
Transcribing agency CBULib
Description conventions rda
041 ## - LANGUAGE CODE
Language code of text/sound track or separate title eng
050 ## - LIBRARY OF CONGRESS CALL NUMBER
Classification number TA 347 Bi
100 ## - MAIN ENTRY--PERSONAL NAME
Personal name Bi, Zhuming
9 (RLIN) 3925
245 ## - TITLE STATEMENT
Title Finite element analysis applications : a systematic and practical approach
Statement of responsibility, etc / by Zhuming Bi
260 ## - PUBLICATION, DISTRIBUTION, ETC. (IMPRINT)
Name of publisher, distributor, etc Elsevier,
Date of publication, distribution, etc 2018
Place of publication, distribution, etc London :
300 ## - PHYSICAL DESCRIPTION
Extent xv, 504 pages : illustrations
336 ## - CONTENT TYPE
Source rdacontent
Content type term Text |
Content type code txt
337 ## - MEDIA TYPE
Source rdamedia
Media type term Unmediated |
Media type code n
338 ## - CARRIER TYPE
Source rdacarrier
Carrier type term Volume
Carrier type code nc
650 #0 - SUBJECT ADDED ENTRY--TOPICAL TERM
9 (RLIN) 371
Topical term or geographic name as entry element FINITE ELEMENT METHOD
942 ## - ADDED ENTRY ELEMENTS (KOHA)
Source of classification or shelving scheme
Koha item type MONOGRAPH
Holdings
Withdrawn status Lost status Source of classification or shelving scheme Damaged status Not for loan Collection code Permanent Location Current Location Shelving location Date acquired Source of acquisition Cost, normal purchase price Full call number Barcode Date last seen Price effective from Koha item type Total Checkouts Copy number
          CBU-Lusaka Campus CBU- LUSAKA CAMPUS CBU- LUSAKA CAMPUS General Stacks 11/01/2024 DON-BOOKAID 67.00 TA 347 Bi 753110 11/01/2024 11/01/2024 MONOGRAPH    
          CBU-Lusaka Campus CBU- LUSAKA CAMPUS CBU- LUSAKA CAMPUS General Stacks 11/01/2024 DON-BOOKAID 67.00 TA 347 Bi 753109 11/01/2024 11/01/2024 MONOGRAPH    
          Main Library Open Access Collection CBU-MAIN LIBRARY, KITWE. CBU-MAIN LIBRARY, KITWE. General Stacks 07/22/2025 DON-BOOKAID 67.00 TA 347 Bi 753560 07/22/2025 07/22/2025 MONOGRAPH   3
          Main Library Open Access Collection CBU-MAIN LIBRARY, KITWE. CBU-MAIN LIBRARY, KITWE. General Stacks 07/22/2025 DON-BOOKAID 67.00 TA 347 Bi 753561 07/22/2025 07/22/2025 MONOGRAPH   4